01062nam a2200193Ia 4500020001800000020001500018040000800033082002600041245003800067260007500105300004700180520046900227650001600696650001600712650002500728650002800753650002600781710006100807 a9789251056318 a9251056315 cFQG a639 FOO 2006 A083 Or.00aState of world aquaculture 2006 / aRome :bFood and Agriculture Organization of the United Nations,c2006 aix, 134 p. :bill. (chiefly col.) ;c30 cm aAquaculture is developing, expanding and intensifying in almost all regions of the world. Although the sector appears to be capable of meeting the gap between future demand and supply for aquatic food, in order to at least maintain the present level of per capita consumption at the global level, there are many constraints and challenges. This well-illustrated document examines the past trends in aquaculture development and describes its current status globally 0aAquaculture 0aAquaculture 0aAquaculture industry 0aSustainable development 0aSustainable fisheries2 aFood and Agriculture Organization of the United Nations.